Language understanding : current issues /

This book is divided into three parts: Language and knowledge; Language processes and models; Anaphoric reference.

Gorde:
Xehetasun bibliografikoak
Egile nagusia: Greene, Judith.
Beste egile batzuk: Coulson, Mark.
Formatua: Liburua
Hizkuntza:English
Argitaratua: Buckingham, England : Open University Press, 1995.
Edizioa:2nd ed.
Gaiak:
Etiketak: Etiketa erantsi
Etiketarik gabe, Izan zaitez lehena erregistro honi etiketa jartzen!
Thư viện lưu trữ: Mạng thư viện Đại học Đà Nẵng
LEADER 01422nam a2200397 a 4500
001 000042068
003 7903
005 20200526160909.0
008 171030s1995
020 |a 0335194370 
040 |a lnn  |c lnn  |d lnn 
041 0 |a eng 
082 1 4 |a 401.920  |b GR-J 
100 1 |a Greene, Judith. 
245 0 0 |a Language understanding :  |b current issues /  |c parts I and II by Judith Greene ; part III by Mark Coulson. 
250 |a 2nd ed. 
260 |a Buckingham, England :  |b Open University Press,  |c 1995. 
300 |a 156 p. :  |b ill. ;  |c 23cm. 
520 3 |a This book is divided into three parts: Language and knowledge; Language processes and models; Anaphoric reference. 
630 0 4 |a Cognition. 
630 0 4 |a Psycholinguistics. 
630 0 4 |a Linguistics competence. 
630 0 4 |a Linguistics performance. 
650 0 4 |a Cognition. 
650 0 4 |a Competence and performance (Linguistics) 
650 0 4 |a Psycholinguistics. 
700 1 |a Coulson, Mark. 
OWN |a LNN 
AVA |a UDN50  |b LNN  |c English  |d 401.92 GR-J  |e available  |t Error 5001 Not defined in file expand_doc_bib_avail.  |f 1  |g 0  |h N  |i 0  |j AN  |k 1 
999 |a From the UDN01 
AVA |a UDN50  |b LNN  |c English  |d 401.92 GR-J  |e available  |t Error 5001 Not defined in file expand_doc_bib_avail.  |f 1  |g 0  |h N  |i 0  |j AN  |k 1 
TYP |a Monograph 
TYP |a Printed language 
980 |a Mạng thư viện Đại học Đà Nẵng